000 00332 a2200169 4500
001 184121
020 _a85-08-08298-8
040 _cMagnum
100 _aPaes, Jose Paulo
240 1 0 _aPoesias
_lpor
245 1 0 _aPoesias
300 _a62
362 0 _a2010
440 1 _aÁtica
697 _aLITERATURA JUVENIL
942 _cBK
999 _c184121
_d184121